000 00449nam a2200181Ia 4500
001 22640
005 20260414150844.0
008 260414t2005||||xx |||||||||||||| ||spa||
041 _aESP
082 _a621.3824
_bB17
100 _aBalanis, Constantine A.
_eAUT
245 0 _aAntenna theory :
_banalysis and design
260 _c2005
300 _axvii, 1117 páginas :
_c26 cm.
650 _aTCA
654 _aCET
942 _cLIB
_dJUS
_fJUS
_2ddc
_n
999 _c22640
_d22640